000
00305nam a22001337a 4500
003
OSt
005
20231127204106.0
008
231127b |||||||| |||| 00| 0 eng d
040
_c
CO-JMCR
082
_a
C /
_b
FAGs
100
_a
Fagan, Cary,
_e
autor
_9
42961
245
_a
La sillita azul /
942
_2
ddc
_c
BK
999
_c
30363
_d
16747